[Event "Sub-Zonal 2.3.4 2011"]
[Site "Pereira COL"]
[Date "2011.09.25"]
[Round "4"]
[White "Rios,Al"]
[Black "Rios,Cr"]
[Result "1/2-1/2"]
[WhiteElo "2362"]
[BlackElo "2349"]

1.e4 c5 2.Nf3 e6 3.d4 cxd4 4.Nxd4 Nc6 5.Nc3 Qc7 6.f4 Nxd4 7.Qxd4 a6 8.Be3 b5
9.O-O-O Bb7 10.Be2 Rc8 11.Rd2 Nf6 12.Bf3 Bc5 13.Qd3 Bxe3 14.Qxe3 b4 15.Na4 Qa5
16.b3 Bc6 17.Qb6 Qxb6 18.Nxb6 Rb8 19.Nc4 d5 20.exd5 Bxd5 21.Bxd5 Nxd5 22.f5 O-O
23.Re1 Nc3 24.fxe6 fxe6 25.Kb2 Rbd8 26.a3 Rxd2 27.Nxd2 Rf2 28.axb4 Nd5 29.Nf3 Rxg2
30.Rxe6 Nxb4 31.Re8+ Kf7 32.Rc8 Rf2 33.Ng5+ Kg6 34.h4 h6 35.Ne6 Rf6 36.Rc4 Rxe6
37.Rxb4 Kh5 38.Ka3 Rc6 39.Rc4 Rd6 40.Ka4 g5 41.hxg5 hxg5 42.Re4 g4 43.c4 g3
44.c5 Rd1 45.Re2 Ra1+ 46.Kb4 Kg4 47.Rc2 Kf3 48.Rc3+ Kf4 49.Rc2  1/2-1/2

[Event "Vasteras Open"]
[Site "Vasteras SWE"]
[Date "2011.09.25"]
[Round "8"]
[White "Westerberg,J"]
[Black "Akesson,R"]
[Result "1/2-1/2"]
[WhiteElo "2318"]
[BlackElo "2421"]

1.e4 c5 2.Nf3 e6 3.d4 cxd4 4.Nxd4 Nc6 5.Nc3 Qc7 6.Be3 Nf6 7.Be2 Bb4 8.Nb5 Qb8
9.a3 Be7 10.O-O O-O 11.f4 d6 12.Qe1 a6 13.Nd4 Nxd4 14.Bxd4 e5 15.Be3 exf4
16.Bxf4 Be6 17.Qg3 Qc7 18.Bh6 Ne8 19.Kh1  1/2-1/2

[Event "Campomanes Mem GM"]
[Site "Yangon MYA"]
[Date "2011.09.25"]
[Round "6"]
[White "Goh Weiming"]
[Black "Bui Vinh"]
[Result "1/2-1/2"]
[WhiteElo "2449"]
[BlackElo "2458"]

1.e4 c5 2.Nf3 e6 3.d4 cxd4 4.Nxd4 Nc6 5.Nc3 a6 6.Be3 Qc7 7.Bd3 Nf6 8.O-O Ne5
9.h3 Bc5 10.f4 Nc6 11.Nf5 Bxe3+ 12.Nxe3 d6 13.Kh1 b5 14.Bxb5 Rb8 15.Ba4 O-O
16.Bb3 Na5 17.Qd3 Bb7 18.f5 Nxb3 19.axb3 Rbd8 20.Ra4 d5 21.exd5 exd5 22.Ng4 Ne4
23.Nxe4 dxe4 24.Qe2 h5 25.Ne3 Qg3 26.Qf2 h4 27.f6 g6 28.Ra5 Rfe8 29.Qxg3 hxg3
30.Rg5 Re6 31.Rxg3 Rdd6 32.Rg5 Rxf6 33.Rxf6 Rxf6 34.Rc5 Bc6 35.Kg1 Kg7 36.h4 Kf8
37.Ng4 Rd6 38.Kf2 Ke7 39.Ne5 Bd5 40.c4 Be6 41.Ke3 Rb6 42.b4 Rxb4 43.Nc6+ Kd6
44.Nxb4 Kxc5 45.Nxa6+ Kxc4 46.Kxe4 Bd5+ 47.Ke5 Bxg2 48.Kf6 Kb3 49.Kxf7 Kxb2
50.Kxg6 Bf3 51.Nc7 Kc3 52.Kg5 Kd4 53.Ne6+ Ke5  1/2-1/2

[Event "16th ECC w"]
[Site "Rogaska Slatina SLO"]
[Date "2011.09.27"]
[Round "3.4"]
[White "Dembo,Y"]
[Black "Munguntuul,B"]
[Result "1/2-1/2"]
[WhiteElo "2471"]
[BlackElo "2465"]

1.e4 c5 2.Nf3 e6 3.d4 cxd4 4.Nxd4 Nc6 5.Nc3 a6 6.Nxc6 bxc6 7.Bd3 d5 8.O-O Nf6
9.Qe2 Be7 10.b3 O-O 11.Bb2 a5 12.Rad1 Qc7 13.e5 Nd7 14.Na4 Nb6 15.Nxb6 Qxb6
16.a4 Bb7 17.Rfe1 g6 18.Qg4 c5 19.Bc3 Rac8 20.Qf4 Qc7 21.Qh6 Rfd8 22.Bf1 Ra8
23.Rd3 Bf8 24.Qh4 Be7 25.Qh6 Bf8 26.Qh4 Be7 27.Qh6  1/2-1/2

[Event "Tatry Open"]
[Site "Tatranske Zruby SVK"]
[Date "2011.09.27"]
[Round "4.2"]
[White "Jasny,S"]
[Black "Mrva,Mart"]
[Result "1/2-1/2"]
[WhiteElo "2327"]
[BlackElo "2470"]

1.e4 c5 2.Nf3 e6 3.d4 cxd4 4.Nxd4 Nc6 5.Nc3 d6 6.Be3 Nf6 7.Be2 Be7 8.f4 O-O
9.O-O Re8 10.Kh1 Bd7 11.Ndb5 Qb8 12.a4 Nb4 13.e5 dxe5 14.fxe5 Nfd5 15.Nxd5 Nxd5
16.Bd4 a6 17.Bd3 g6 18.Nc3 Nxc3 19.Bxc3 Bc6 20.Qg4 Bf8 21.Rf4 Bh6 22.Rf2 Bg7
23.Raf1 Qc7 24.Rxf7 Qxf7 25.Rxf7 Kxf7 26.h4 Rad8 27.h5 Rxd3 28.cxd3 gxh5
29.Qxh5+ Kg8 30.a5 Rf8 31.Kg1 Rf5 32.Qh4 h6 33.d4 h5 34.Bd2 Kf7 35.Qd8 Kg6  1/2-1/2

[Event "Tatry Open"]
[Site "Tatranske Zruby SVK"]
[Date "2011.09.27"]
[Round "4.4"]
[White "Talla,V"]
[Black "Vyskocil,N"]
[Result "1-0"]
[WhiteElo "2399"]
[BlackElo "2308"]

1.e4 c5 2.Nf3 e6 3.d4 cxd4 4.Nxd4 Nc6 5.Nc3 Qc7 6.Be2 a6 7.O-O Nf6 8.Be3 Be7
9.f4 d6 10.Kh1 O-O 11.a4 Re8 12.Bg1 Bd7 13.Nb3 b6 14.Bf3 Rab8 15.g4 Bc8 16.g5 Nd7
17.Bg2 Bb7 18.Qh5 Bf8 19.Rf3 g6 20.Qh4 Bg7 21.Rh3 Nf8 22.f5 Be5 23.f6 h5
24.Bf3 Nh7 25.Bxh5  1-0

[Event "Tatry Open"]
[Site "Tatranske Zruby SVK"]
[Date "2011.09.30"]
[Round "7.33"]
[White "Schwabik,B"]
[Black "Bohm,V"]
[Result "1-0"]
[WhiteElo "2044"]
[BlackElo "1819"]

1.e4 c5 2.Nf3 Nc6 3.d4 cxd4 4.Nxd4 e6 5.Nc3 a6 6.a3 Nf6 7.Be3 Be7 8.Be2 Qc7
9.O-O b5 10.Nxc6 dxc6 11.f4 Nd7 12.e5 Bc5 13.Bxc5 Nxc5 14.Qd4 Nd7 15.Ne4 O-O
16.Qc3 Nb6 17.Qh3 Nd5 18.Bd3 g6 19.Nf6+ Nxf6 20.exf6 Qb6+ 21.Kh1 Qd4 22.Qh4 Kh8
23.c3 e5 24.cxd4  1-0

[Event "Tatry Open"]
[Site "Tatranske Zruby SVK"]
[Date "2011.10.01"]
[Round "8.7"]
[White "Borkovec,M"]
[Black "Mrva,Mart"]
[Result "0-1"]
[WhiteElo "2188"]
[BlackElo "2470"]

1.e4 c5 2.Nf3 e6 3.d4 cxd4 4.Nxd4 Nc6 5.Nc3 d6 6.Be3 Nf6 7.f4 Be7 8.Qf3 e5
9.Nxc6 bxc6 10.f5 h5 11.O-O-O g6 12.fxg6 fxg6 13.h3 Be6 14.Bd3 Qa5 15.Kb1 Rb8
16.Bd2 O-O 17.Nd5 Qd8 18.Nxe7+ Qxe7 19.Qg3 Kg7 20.Bg5 Rb4 21.Rhf1 Kh7 22.Bxf6 Rxf6
23.Rxf6 Qxf6 24.Rf1 Qe7 25.Qf3 Kg7 26.g4 hxg4 27.hxg4 Rb8 28.b3 Qg5 29.Qf2 c5
30.Ka1 Qe7 31.Be2 a5 32.Qe3 g5 33.Qc3 Rb4 34.Rh1 Kg8 35.Qh3 Qg7 36.Bd3 a4
37.a3  0-1

[Event "TCh-CZE Liga1 Vychod"]
[Site "Czech Rep CZE"]
[Date "2011.10.02"]
[Round "1"]
[White "Andreev, Eduard UKR"]
[Black "Langner, Ladislav1"]
[Result "1-0"]
[WhiteElo "2478"]
[BlackElo "2350"]

1.e4 c5 2.Nf3 e6 3.d4 cxd4 4.Nxd4 Nc6 5.Nc3 Qc7 6.Be3 Nf6 7.f4 d5 8.e5 Nd7
9.Qd2 a6 10.O-O-O b5 11.Nxc6 Qxc6 12.Ne2 Nc5 13.Nd4 Qc7 14.Bd3 Be7 15.Rhf1 Bd7
16.Kb1 O-O-O 17.f5 Ne4 18.Qe1 Rhf8 19.Bxe4 dxe4 20.Bd2 exf5 21.Ba5 Qxe5 22.Bxd8 Bxd8
23.Qc3+ Bc7 24.Nxf5 Qxc3 25.bxc3 Bxh2 26.Ne7+ Kd8 27.Nd5 Bc7 28.Rde1 Bc6
29.Rxe4 Bxd5 30.Rd1 Kd7 31.Rxd5+ Kc6 32.Rd3 Bd6 33.c4 Rb8 34.Rb3 f6 35.cxb5+ axb5
36.a4 Kd5 37.Rg4 b4 38.Rd3+ Ke6 39.Rxg7 Ra8 40.Rb7 Ra6 41.Rb5 h5 42.Kb2 Be5+
43.Kb3 Bc3 44.Rxh5 Ra8 45.Rh4 Ke5 46.Rh5+ Ke4 47.Rhh3 Rg8 48.Rhe3+ Kf5 49.Re2 Rc8
50.Rf3+ Kg5 51.Re4 Bd2 52.Re7 Kg6 53.Re6 Bc3 54.Re4 Kg5 55.a5 Rc5 56.a6 Ra5
57.Rxc3 bxc3 58.Ra4  1-0

[Event "Arab Elite Championship 2011"]
[Site "Dubai UAE"]
[Date "2011.10.02"]
[Round "9"]
[White "Ayyad,H"]
[Black "Mohammad,Sam"]
[Result "0-1"]
[WhiteElo "2206"]
[BlackElo "2349"]

1.e4 c5 2.Nf3 e6 3.d4 cxd4 4.Nxd4 Nc6 5.Nc3 Qc7 6.Be2 Nf6 7.Be3 a6 8.O-O d6
9.f4 Be7 10.Kh1 O-O 11.Qd2 Re8 12.a4 Bd7 13.Nb3 Na5 14.Nxa5 Qxa5 15.b4 Qc7
16.Bd3 Rac8 17.Ne2 d5 18.e5 Ne4 19.Qe1 f5 20.Rg1 a5 21.b5 b6 22.Bxe4 dxe4
23.c4 Bc5 24.Qf2 Bxe3 25.Qxe3 Qxc4 26.Rgc1 Qd3 27.Qf2 e3 28.Qe1 Rxc1 29.Rxc1 Bc8
30.h3 Bb7 31.Rc7 Bd5 32.Ng1 Kh8 33.Rc3 Qd2 34.Qxe3 Qxg2+  0-1

[Event "Oslo GM Open"]
[Site "Oslo NOR"]
[Date "2011.10.02"]
[Round "1"]
[White "Guttulsrud,O"]
[Black "Moor,R"]
[Result "0-1"]
[WhiteElo "2190"]
[BlackElo "2402"]

1.e4 c5 2.Nf3 Nc6 3.d4 cxd4 4.Nxd4 e6 5.Nc3 a6 6.Nxc6 bxc6 7.Bd3 d5 8.O-O Nf6
9.Qe2 Be7 10.b3 O-O 11.Bb2 c5 12.e5 Nd7 13.Na4 Nb6 14.Nxb6 Qxb6 15.c4 a5
16.f4 a4 17.Rf3 g6 18.f5 exf5 19.Qe3 d4 20.Qh6 f4 21.Be4 Ra6 22.Raf1 axb3
23.axb3 Qd8 24.Qxf4 Bg5 25.Qg3 Bh4 26.Qf4 Bg5 27.Qg3 Be3+ 28.Kh1 Be6 29.Bc1 Bxc1
30.Rxc1 f5 31.exf6 Rxf6 32.Rcf1 Rxf3 33.Qxf3 Qe7 34.Bd5 Bxd5 35.Qxd5+ Kg7
36.h3 Rf6 37.Rxf6 Kxf6 38.Qf3+ Kg7 39.Kg1 Qe1+ 40.Kh2 Qe5+ 41.Kg1 Qf5 42.Qb7+ Kh6
43.Qe7 Qf4 44.Qe2 Qc1+ 45.Kh2 Qf4+ 46.Kg1 Qd6 47.Kf2 Kg7 48.Qe4 Kf6 49.Qh4+ Kg7
50.Qe4 Kf7 51.Ke2 Qb6 52.Qf3+ Ke7 53.Qe4+ Qe6 54.Kd3 Qxe4+ 55.Kxe4 Kd6 56.b4 cxb4
57.Kxd4 Kc6 58.Kd3 Kc5 59.h4 h6 60.g4 g5 61.h5 b3 62.Kc3 b2 63.Kxb2 Kxc4
64.Kc2 Kd4  0-1

[Event "1st Qinhuangdao Open"]
[Site "Qinhuangdao CHN"]
[Date "2011.10.02"]
[Round "2"]
[White "Yang Kaiqi"]
[Black "Zhou Jianchao"]
[Result "0-1"]
[WhiteElo "2417"]
[BlackElo "2628"]

1.e4 c5 2.Nf3 e6 3.d4 cxd4 4.Nxd4 Nc6 5.Nc3 Qc7 6.g3 a6 7.Bg2 Nf6 8.O-O d6
9.Re1 Bd7 10.Nxc6 bxc6 11.Na4 Rb8 12.c4 c5 13.Bf4 e5 14.Bg5 Be7 15.Re2 Rb4
16.Nc3 Rxc4 17.Qd3 Rd4 18.Qxa6 O-O 19.Bxf6 Bxf6 20.Nd5 Qc6 21.Nxf6+ gxf6
22.Qa3 Bg4 23.Bf3 Be6 24.Qe3 Kg7 25.h3 Qb5 26.Rd2 Qb4 27.Rxd4 cxd4 28.Qe2 Bc4
29.Qc2 d3 30.Qc1  0-1

[Event "1st Qinhuangdao Open"]
[Site "Qinhuangdao CHN"]
[Date "2011.10.02"]
[Round "3"]
[White "Fang,Yan"]
[Black "Xu Jun"]
[Result "0-1"]
[WhiteElo "2268"]
[BlackElo "2500"]

1.e4 c5 2.Nf3 Nc6 3.d4 cxd4 4.Nxd4 e6 5.Nc3 Qc7 6.Be3 a6 7.Be2 Nf6 8.O-O d6
9.Kh1 Be7 10.f4 O-O 11.Qe1 Nxd4 12.Bxd4 b5 13.e5 dxe5 14.fxe5 Nd7 15.Bd3 Bb7
16.Qg3 Nc5 17.Bxc5 Qxc5 18.Rae1 Rad8 19.Ne4 Bxe4 20.Rxe4 g6 21.a4 Rd4 22.Rxd4 Qxd4
23.axb5 axb5 24.c3 Qc5 25.h4 b4 26.cxb4 Qxb4 27.h5 Qxb2 28.hxg6 fxg6 29.Rxf8+ Kxf8
30.Kh2 Qd4 31.Qf3+ Kg7 32.Qe4 Qf2 33.Bc4 Bg5 34.Kh3 Qb6 35.Qg4 Qe3+ 36.Qg3 Qc1
37.Bxe6 h5 38.Qh2 Qf1  0-1

[Event "Topalov Clock Simul"]
[Site "Dublin IRL"]
[Date "2011.10.03"]
[Round "1"]
[White "Topalov,V"]
[Black "Quinn,M"]
[Result "1-0"]
[WhiteElo "2768"]
[BlackElo "2398"]

1.e4 c5 2.Nf3 e6 3.d4 cxd4 4.Nxd4 Nc6 5.Nc3 Qc7 6.Be3 a6 7.Be2 Nf6 8.a3 d6
9.g4 h6 10.f4 Bd7 11.h3 Be7 12.Qd2 Rc8 13.O-O-O g6 14.Rhf1 Rh7 15.f5 gxf5
16.gxf5 Nxd4 17.Qxd4 e5 18.Qd3 Bc6 19.Rg1 b5 20.Kb1 Qb7 21.Nd5 Bxd5 22.exd5 Bd8
23.Qb3 Ke7 24.Bf2 Kd7 25.Rg2 Be7 26.a4 Rb8 27.axb5 axb5 28.Be1 Rhh8 29.Rg3 h5
30.Qb4 h4 31.Rb3 Bd8 32.Bxb5+ Ke7 33.Qc4 Rh5 34.Bc6 Qc8 35.Rxb8 Qxb8 36.Rd3 Rxf5
37.Rb3 Qc8 38.Rb7+ Kf8 39.Bb4 Bc7 40.Qxh4 Rf1+ 41.Ka2 Kg7 42.Qg5+ Kh7 43.Bxd6  1-0

[Event "Oslo GM Open"]
[Site "Oslo NOR"]
[Date "2011.10.04"]
[Round "3.7"]
[White "Van Eijk,S"]
[Black "Kulaots,K"]
[Result "1/2-1/2"]
[WhiteElo "2372"]
[BlackElo "2592"]

1.e4 c5 2.Nf3 Nc6 3.d4 cxd4 4.Nxd4 e6 5.Nc3 a6 6.Be3 Qc7 7.Be2 b5 8.Nxc6 dxc6
9.f4 Bb7 10.O-O c5 11.e5 Rd8 12.Qe1 Ne7 13.Bf3 Nf5 14.Bxb7 Qxb7 15.Bf2 Be7
16.Qe4 Qc7 17.Rad1 O-O 18.g4 Nd4 19.Bxd4 cxd4 20.Ne2 Rd5 21.Nxd4 Rfd8 22.c3 b4
23.Rd3 Qc4 24.f5 bxc3 25.bxc3 Bc5 26.fxe6 fxe6 27.Rf4 Qxa2 28.Rh3 g6 29.Rxh7 Bxd4+
30.cxd4 Qa1+ 31.Kg2 Qb2+ 32.Kh3 Kxh7 33.Rf7+ Kh8 34.Qxg6 Qc3+ 35.Kh4 Qe1+
36.Kh3 Qe3+ 37.Kg2 Qd2+ 38.Rf2 Qxd4 39.Qh6+ Kg8 40.Qxe6+ Kh8 41.Qh6+ Kg8
42.Qg6+  1/2-1/2

[Event "20th TCh-CRO 1a"]
[Site "Sibenik CRO"]
[Date "2011.10.04"]
[Round "1.4"]
[White "Antoniewski,R"]
[Black "Navara,D"]
[Result "0-1"]
[WhiteElo "2585"]
[BlackElo "2705"]

1.e4 c5 2.Nf3 e6 3.d4 cxd4 4.Nxd4 Nc6 5.Nc3 Qc7 6.Be2 a6 7.O-O Nf6 8.Be3 Be7
9.f4 d6 10.Kh1 O-O 11.Qe1 Nxd4 12.Bxd4 b5 13.a3 Bb7 14.Qg3 Rad8 15.Rae1 Rd7
16.Bf3 Qc4 17.Rd1 Rfd8 18.Rfe1 Ne8 19.Be2 Qc7 20.Qf2 Qb8 21.Bf3 Bc6 22.f5 e5
23.Be3 b4 24.axb4 Qxb4 25.Qd2 a5 26.Nd5 Bxd5 27.c3 Qb3 28.Qxd5 Qxb2 29.Qxa5 Rc8
30.Rc1 Rdc7 31.Qb4 Rb7 32.Qa4 h6 33.Re2 Qb3 34.Qa1 Bg5 35.Bxg5 hxg5 36.h3 Nf6
37.Rd2 Qc4 38.Rxd6 Nxe4 39.Bxe4 Qxe4 40.f6 Rcb8 41.Qa6 Rb1 42.Rdd1 R8b2 43.Qf1 Rxc1
44.Rxc1 gxf6 45.c4 Kg7 46.c5 Rc2 47.Rxc2 Qxc2 48.Qb5 e4 49.Qe8 Qc1+ 50.Kh2 Qxc5
51.Qxe4 Qe5+  0-1

[Event "20th TCh-CRO 1b"]
[Site "Sibenik CRO"]
[Date "2011.10.05"]
[Round "2.5"]
[White "Horvath,Cs1"]
[Black "Tesic,D"]
[Result "1/2-1/2"]
[WhiteElo "2517"]
[BlackElo "2379"]

1.e4 c5 2.Nf3 e6 3.d4 cxd4 4.Nxd4 Nc6 5.Nc3 a6 6.Nxc6 bxc6 7.Bd3 d5 8.O-O Nf6
9.Qe2 Be7 10.b3 O-O 11.Bb2 c5 12.Rad1 Bb7  1/2-1/2

[Event "20th TCh-CRO 1a"]
[Site "Sibenik CRO"]
[Date "2011.10.06"]
[Round "3.3"]
[White "Armanda,I"]
[Black "Jovanic,O"]
[Result "1/2-1/2"]
[WhiteElo "2396"]
[BlackElo "2491"]

1.e4 c5 2.Nf3 e6 3.d4 cxd4 4.Nxd4 Nc6 5.Nc3 Qc7 6.Be2 a6 7.Be3 Nf6 8.a3 b5
9.f4 b4 10.axb4 Bxb4 11.Bf3 Bb7 12.O-O Bxc3 13.bxc3 O-O 14.Nb3 d6 15.Qe1 Ne7
16.Bd4 e5 17.fxe5 dxe5 18.Bc5 Rfe8 19.Qe3 Nd7 20.Bb4 Nc6 21.Ba3 Qb6 22.Nc5 Nxc5
23.Bxc5 Qc7 24.Rab1 Bc8 25.Rfd1 Be6 26.Bd6 Qa7 27.Bc5 Qc7 28.Bd6 Qa7 29.Bc5 Qc7  1/2-1/2

[Event "TCh-POL Ekstraliga"]
[Site "Katowice POL"]
[Date "2011.10.07"]
[Round "7.3"]
[White "Warakomski,T"]
[Black "Bulski,K"]
[Result "1/2-1/2"]
[WhiteElo "2473"]
[BlackElo "2482"]

1.e4 c5 2.Nf3 e6 3.d4 cxd4 4.Nxd4 Nc6 5.Nc3 Qc7 6.Be2 a6 7.O-O Nf6 8.Be3 Be7
9.f4 d6 10.Qe1 O-O 11.Qg3 Nxd4 12.Bxd4 b5 13.a3 Bb7 14.Rad1 Bc6 15.Kh1 Rad8
16.Rfe1 g6 17.Qe3 Qb7 18.Bf3 Rfe8 19.Bb6 Rc8 20.Ba5 Nd7 21.Na2 e5 22.Nb4 exf4
23.Qxf4 Ne5 24.Rf1 Bf8 25.Nxc6 Rxc6 26.Bc3 Qc7 27.Qd2 Rxc3 28.Qxc3 Qxc3 29.bxc3 Rc8
30.a4 bxa4 31.Ra1 Rxc3 32.Rxa4 Rxc2 33.Rxa6 Rd2 34.Ra8 Kg7 35.Ra7 d5 36.Ra5 Nxf3
37.gxf3 dxe4 38.fxe4 Rd7 39.Kg2 Bb4 40.Rb5 Bc3 41.h3 h5  1/2-1/2

[Event "TCh-SWE 2011-12"]
[Site "Malmo SWE"]
[Date "2011.10.07"]
[Round "1"]
[White "Hector,J"]
[Black "Lindberg,Be"]
[Result "1/2-1/2"]
[WhiteElo "2575"]
[BlackElo "2414"]

1.e4 c5 2.Nf3 e6 3.d4 cxd4 4.Nxd4 Nc6 5.Nc3 Qc7 6.f4 Nxd4 7.Qxd4 a6 8.Be3 b5
9.O-O-O Bb7 10.Bd3 Rc8 11.Kb1 Nf6 12.e5 Nd5 13.Ne4 Nxe3 14.Qxe3 Qa5 15.Be2 Be7
16.Bf3 Qc7 17.Rd2 O-O 18.Rhd1 Rfd8 19.Nd6 Bxd6 20.exd6 Qb8 21.g4 Bxf3 22.Qxf3 Rc4
23.b3 Rc5 24.f5 Re8 25.f6 gxf6 26.Qxf6 Qd8 27.Qf2 Rg5 28.h3 Rf8 29.Rd3 Qc8
30.Qf6 Rg6 31.Qd4 Qb7 32.Rc3 Rc8 33.Rxc8+ Qxc8 34.Rd3 Qb8 35.Rc3 e5 36.Qxe5 Re6
37.Qg5+ Rg6 38.Qc5 Rxd6 39.Kb2 Qf8 40.a3 Qe7 41.g5 Qf8 42.Qa7 h6 43.Qb7 Kh7
44.Qe4+ Kg8 45.gxh6 Qxh6 46.Qe8+ Kg7 47.Rg3+ Rg6 48.Rf3 Rf6 49.Qe5 d6 50.Qc3 Qh4
51.Ka2 Kg6 52.Rg3+ Kh7 53.Rg4 Qf2 54.Qd3+ Qf5 55.Qd2 Qf2 56.Qd3+ Qf5 57.Qc3 Rg6
58.Rd4 Rh6 59.Rd3 Qc5 60.Qd2 Qf5 61.Qg2 Rg6 62.Qb7 Rg1 63.Qe7 Qe5 64.Qh4+ Kg7
65.Qd4 Qxd4 66.Rxd4 Rg6 67.Rd5 Rh6 68.Kb2 Rxh3 69.Rxd6 Rh6 70.Rd1 Rc6 71.Rg1+ Kf8
72.c3 f6 73.Kc2 Kf7 74.Kd3 Rd6+ 75.Ke4 Ke6 76.Rg6 Rd8 77.Rg7 f5+ 78.Ke3 Ke5
79.Re7+ Kf6 80.Ra7 Rd6 81.c4 bxc4 82.bxc4 Ke5 83.Re7+ Kf6 84.Rc7 Re6+ 85.Kf4 Re4+
86.Kf3 Ke5 87.Rc5+ Kd4 88.Ra5 Kxc4 89.Rxa6 Kb3 90.Ra5 Ra4 91.Rxa4  1/2-1/2

[Event "Oslo GM Open"]
[Site "Oslo NOR"]
[Date "2011.10.07"]
[Round "7.12"]
[White "Van Eijk,S"]
[Black "Moor,R"]
[Result "1-0"]
[WhiteElo "2372"]
[BlackElo "2402"]

1.e4 c5 2.Nc3 Nc6 3.Nge2 e6 4.d4 cxd4 5.Nxd4 a6 6.Be2 Nge7 7.Bf4 Ng6 8.Bg3 Be7
9.O-O d6 10.Qd2 O-O 11.Rad1 Qc7 12.Nb3 Nce5 13.f4 Nc4 14.Bxc4 Qxc4 15.f5 Ne5
16.Bxe5 dxe5 17.f6 Bc5+ 18.Kh1 Re8 19.fxg7 b6 20.Qh6 Ra7 21.Nd2 Qb4 22.Nf3 f6
23.Qh5 Rae7 24.Ng5  1-0

[Event "1st Qinhuangdao Open"]
[Site "Qinhuangdao CHN"]
[Date "2011.10.07"]
[Round "9"]
[White "Yu Ruiyuan"]
[Black "Negi,P"]
[Result "0-1"]
[WhiteElo "2428"]
[BlackElo "2631"]

1.e4 c5 2.Nf3 e6 3.d4 cxd4 4.Nxd4 Nc6 5.Nc3 Qc7 6.Be2 a6 7.O-O Nf6 8.Be3 Be7
9.f4 d6 10.Qe1 O-O 11.Qg3 Nxd4 12.Bxd4 b5 13.Bd3 Bb7 14.Rae1 Rad8 15.Kh1 b4
16.Nd1 Nh5 17.Nc3 Nf6 18.Nd1 Nh5 19.Qg4 Nf6 20.Qg3 g6 21.f5 e5 22.Be3 Kh8
23.fxg6 fxg6 24.Bh6 Nh5 25.Qe3 Rxf1+ 26.Rxf1 d5 27.Nf2 Nf4 28.Ng4 dxe4 29.Bxe4 Qc4
30.Bd3 Qd5 31.Rf3 Bc5 32.Bxf4 exf4 33.Qxf4 Bd4 34.b3 Re8 35.Ne3 Qd7 36.Rf1 Bxe3  0-1

[Event "20th TCh-CRO 1b"]
[Site "Sibenik CRO"]
[Date "2011.10.07"]
[Round "4.4"]
[White "Smith,Bry"]
[Black "Tesic,D"]
[Result "1-0"]
[WhiteElo "2497"]
[BlackElo "2379"]

1.e4 c5 2.Nc3 e6 3.Nge2 Nc6 4.d4 cxd4 5.Nxd4 a6 6.Be3 Qc7 7.Bd3 Nf6 8.O-O Nxd4
9.Bxd4 Bc5 10.Be2 d6 11.Qd3 Bd7 12.Rad1 Ke7 13.Qe3 Bxd4 14.Rxd4 e5 15.Rd2 Be6
16.Qg3 h6 17.Rfd1 Rad8 18.f4 exf4 19.Qxf4 Qb6+ 20.Kh1 Qxb2 21.Qe3 Rc8 22.Rd3 Qb4
23.Rb1 Qa5 24.Rxb7+ Rc7 25.Rxc7+ Qxc7 26.Nd5+ Bxd5 27.exd5+ Kd8 28.Bf3 Re8
29.Qg1 Nd7 30.h3 Nc5 31.Rd1 Qe7 32.Qd4 Qe5 33.Qb4 f5 34.Bh5 Rf8 35.Re1 Ne4
36.Bf3 Re8 37.Bxe4 fxe4 38.Qb7 e3 39.Qb6+ Kd7 40.Qb7+ Kd8 41.Qb6+ Kd7  1-0

[Event "20th TCh-CRO 1a"]
[Site "Sibenik CRO"]
[Date "2011.10.07"]
[Round "4.1"]
[White "Fedorchuk,S"]
[Black "Navara,D"]
[Result "1/2-1/2"]
[WhiteElo "2635"]
[BlackElo "2705"]

1.e4 c5 2.Nf3 e6 3.d4 cxd4 4.Nxd4 Nc6 5.Nc3 a6 6.Be2 d6 7.O-O Nf6 8.Be3 Be7
9.f4 O-O 10.Qe1 Nxd4 11.Bxd4 b5 12.Rd1 Bb7 13.Bf3 Qc7 14.e5 dxe5 15.fxe5 Nd7
16.Bxb7 Qxb7 17.Ne4 Rac8 18.c3 Qc7 19.Qg3 f5 20.exf6 Qxg3 21.f7+ Rxf7 22.Nxg3 Nf6
23.Rfe1 Rc6 24.Ne4 h6 25.Re2 Nxe4 26.Rxe4 Rf5 27.g4  1/2-1/2

[Event "Continental Class Ch."]
[Site "Arlington USA"]
[Date "2011.10.08"]
[Round "4"]
[White "Gisclan,H"]
[Black "Collier,P"]
[Result "1-0"]
[WhiteElo "2238"]
[BlackElo "1968"]

1.e4 c5 2.Nc3 Nc6 3.Nf3 e6 4.d4 cxd4 5.Nxd4 Nf6 6.Ndb5 Bb4 7.a3 Bxc3+ 8.Nxc3 d5
9.exd5 exd5 10.Bd3 d4 11.Ne2 O-O 12.O-O Bg4 13.f3 Bd7 14.Bg5 h6 15.Bh4 Qe7
16.Bf2 Qe5 17.Re1 Qd5 18.Qd2 Rad8 19.Rad1 Kh8 20.b4 b5 21.Nf4 Qd6 22.Bg3 Ne5
23.Rxe5 Qxe5 24.Ng6+  1-0

[Event "Belgrade Premier League 2011"]
[Site "Belgrade SRB"]
[Date "2011.10.08"]
[Round "7.5"]
[White "Tosic,S"]
[Black "Andrijevic,M"]
[Result "1-0"]
[WhiteElo "2338"]
[BlackElo "2333"]

1.e4 c5 2.Nf3 Nc6 3.d4 cxd4 4.Nxd4 e6 5.Nc3 Qc7 6.g3 a6 7.Bg2 Nf6 8.O-O d6
9.Kh1 Be7 10.Be3 O-O 11.f4 Nxd4 12.Qxd4 e5 13.Qb6 Qxb6 14.Bxb6 Be6 15.fxe5 dxe5
16.Nd5 Bxd5 17.exd5 Rac8 18.c3 Bc5 19.Bxc5 Rxc5 20.d6 b5 21.a4 Rd8 22.axb5 axb5
23.Rfd1 e4 24.Ra5 Ng4 25.Rd4 h5 26.h3 Nf2+ 27.Kg1 e3 28.Kf1 Kf8 29.Ke2 Re5
30.c4  1-0

[Event "Lichtenrader Autumn"]
[Site "Berlin GER"]
[Date "2011.10.08"]
[Round "1.20"]
[White "Schmidek,Emil"]
[Black "Jahnz,F"]
[Result "0-1"]
[WhiteElo "1784"]
[BlackElo "2226"]

1.e4 c5 2.Nf3 e6 3.d4 cxd4 4.Nxd4 Nc6 5.Nc3 Qc7 6.Ndb5 Qb8 7.Bc4 a6 8.Nd4 Nf6
9.O-O Bd6 10.h3 Ne5 11.Bb3 Ng6 12.Re1 O-O 13.Bg5 Be7 14.Qe2 h6 15.Bxf6 Bxf6
16.Rad1 b5 17.a4 b4 18.Na2 Qb6 19.Qd2 Rb8 20.Bc4 Rd8 21.b3 Bg5 22.Qe2 Bb7
23.Nf3 Bf6 24.Qe3 Qa5 25.Rd6 Be7 26.Rd2 Bc5 27.Qe2 Nf4 28.Qd1 d5 29.exd5 Nxd5
30.Re5 Qb6 31.Nh2 Bd6 32.Re1 Nf4 33.Bf1 Bc5 34.Ng4 Rd5 35.Rxd5 Bxd5 36.Qd2 Ng6
37.Qd3 Bb7 38.Rd1 Be7 39.Qe3 Qc6 40.Qg3 Rc8 41.Ne3 Qc5 42.Nc4 Be4 43.Bd3 Rd8
44.Nc1 Bg5 45.Re1 Bxd3 46.Nxd3 Qe7 47.Qg4 Bf6 48.Re2 Bc3 49.Qe4 Qg5 50.Ne3 a5
51.Nc4 Rd5 52.Ne3 Rd4 53.Qa8+ Kh7 54.Qb7 f6 55.Qb6 Re4 56.Nc5 Re5 57.Nxe6 Qh5
58.Kf1 f5 59.Qd6 Rxe6 60.Qxe6 Qxe2+ 61.Kxe2 Nf4+ 62.Kf1 Nxe6 63.Nxf5 Nd4
64.Nd6 Kg6 65.Nc4 Nc6 66.Ke2 Kf6 67.Ke3 Ke6 68.Ke4 Be1 69.f3 Bg3 70.Ne3 g6
71.Nc4 h5 72.f4 h4 73.Ne3 Bf2 74.Nc4 Bc5 75.Nd2 Bb6 76.Nf3 Bd8 77.Nd2 Kd6
78.Nc4+ Kc5 79.Kd3 Bc7 80.Ke4 Nd4 81.Ne3 Ne2 82.f5 Ng3+ 83.Kd3 Nxf5 84.Ng4 Kd5
85.Nf6+ Ke6 86.Ne4 Ke5 87.Nc5 Nd6 88.Na6 Bb6 89.Nb8 Ke6 90.Nc6 g5 91.Ke2 Nf5
92.c3 bxc3 93.b4 axb4 94.Nxb4 Nd4+ 95.Kd3 c2 96.Nxc2 Nxc2 97.Kxc2 Kf5 98.Kd2 Kf4
99.Ke2 Kg3 100.Kf1 Kh2 101.a5 Bxa5 102.Kf2 Bc7 103.Kf3 Kg1 104.Kg4 Bf4 105.Kf3 Kf1
106.Kg4 Kxg2 107.Kh5 Kxh3 108.Kh6 g4+ 109.Kh5 g3 110.Kg6 g2 111.Kh5 Be3  0-1

[Event "10th Forchheim Open"]
[Site "Forchheim GER"]
[Date "2011.10.08"]
[Round "3.1"]
[White "Klek,H"]
[Black "Luch,M"]
[Result "0-1"]
[WhiteElo "2158"]
[BlackElo "2433"]

1.e4 c5 2.Nf3 e6 3.d4 cxd4 4.Nxd4 Nc6 5.Nc3 Qc7 6.Be3 a6 7.Qd2 Nf6 8.f3 Be7
9.O-O-O O-O 10.g4 b5 11.g5 Nh5 12.Nce2 Rd8 13.Ng3 Nxd4 14.Bxd4 Nf4 15.h4 Bb7
16.Qf2 Rdc8 17.Bb6 Qc6 18.Be3 Bd6 19.Rh2 Qc7 20.Qd2 Nd5 21.exd5 Bxg3 22.Rh3 Bxd5
23.f4 Be4 24.c4 bxc4 25.Rxg3 c3 26.bxc3 Rab8 27.Qd4 Qa5 28.Kd2 Qxa2+ 29.Ke1 Bg6
30.Rg2 Qa5 31.Rc1 d5 32.Rh2 Rb3 33.Bd2 Bh5 34.Bd3 Qa2 35.c4 Qa3 36.Bf1 dxc4
37.Ra1 e5 38.fxe5 Qe7 39.Be2 c3 40.Bxh5 cxd2+ 41.Rxd2 g6 42.Be2 Qb7 43.Qd5 Qb4
44.Qd4 Qb7 45.Rd3 Rb4 46.Qd5 Qb6 47.Rf3 Qg1+ 48.Bf1 Rf4 49.Rxf4 Qe3+ 50.Be2 Qxf4
51.e6 Qg3+ 52.Kf1 Qh3+ 53.Qg2 Qxe6 54.Rxa6 Rc1+ 55.Kf2 Qe5 56.Ra8+ Kg7 57.Ra4 Qc5+  0-1

[Event "II Oliver Gonzalez Memorial"]
[Site "Madrid ESP"]
[Date "2011.10.08"]
[Round "1"]
[White "Korneev,O"]
[Black "Barajas Fernandez,H"]
[Result "0-1"]
[WhiteElo "2580"]
[BlackElo "2104"]

1.e4 c5 2.Nf3 e6 3.d4 cxd4 4.Nxd4 Nc6 5.Nc3 Qc7 6.Be2 a6 7.O-O Nf6 8.Be3 Bb4
9.Na4 O-O 10.Nxc6 bxc6 11.Nb6 Rb8 12.Nxc8 Rfxc8 13.Bxa6 Rf8 14.Bd3 Bd6 15.h3 Be5
16.c4 Bxb2 17.Rb1 c5 18.Qc2 Bd4 19.Bxd4 cxd4 20.Rb5 d6 21.Rfb1 Nd7 22.Qb2 e5
23.Rxb8 Rxb8 24.Qc2 Rxb1+ 25.Qxb1 Nc5 26.Be2 g6 27.Bf3 Kg7 28.h4 Qa5 29.h5 Qd2
30.h6+ Qxh6 31.Qb8 Qc1+ 32.Kh2 Qf4+ 33.Kg1 Nxe4 34.a4 d3 35.a5 d2 36.Qb3 Ng5
37.Bd1 Qd4 38.Qe3 Qa1 39.Qxd2 Ne4 40.Qc2 Nc3 41.Kh2 Nxd1 42.a6 Nxf2 43.Qxf2 Qxa6
44.Qc2 Qc6 45.Qb3 Qc5 46.Qb5 e4  0-1

[Event "20th TCh-CRO 1a"]
[Site "Sibenik CRO"]
[Date "2011.10.08"]
[Round "5.5"]
[White "Brkic,A"]
[Black "Hracek,Z"]
[Result "1/2-1/2"]
[WhiteElo "2606"]
[BlackElo "2624"]

1.e4 c5 2.Nf3 e6 3.d4 cxd4 4.Nxd4 Nc6 5.Nc3 Qc7 6.Be3 Nf6 7.f4 Bb4 8.Nb5 Qa5
9.e5 Ne4 10.Qd3 Nxc3 11.bxc3 Be7 12.g3 O-O 13.Bg2 f6 14.exf6 Bxf6 15.O-O d5
16.Rab1 Rd8 17.Rfe1 b6 18.c4 Ba6 19.cxd5 Nb4 20.Qd2 Qxb5 21.Rxb4 Qa5 22.Bd4 Rxd5
23.Bxd5 Qxd5 24.Qe3 Re8 25.Bxf6 Bb7 26.Re2 gxf6 27.Rd4 Qh1+ 28.Kf2 e5 29.f5 Qxh2+
30.Ke1 Qh1+ 31.Kd2 Qc6 32.Rg4+ Kh8 33.Qh6 Qd6+ 34.Ke1 Qe7 35.Rd2 Bc8 36.Rg6 e4
37.Rxf6 Qc5 38.Re2 Qg1+ 39.Kd2 Qd4+ 40.Ke1 Qg1+ 41.Kd2 Qd4+ 42.Ke1 Qg1+  1/2-1/2

[Event "20th TCh-CRO w"]
[Site "Sibenik CRO"]
[Date "2011.10.08"]
[Round "6.4"]
[White "Jelica,M"]
[Black "Purgar,I"]
[Result "1-0"]
[WhiteElo "2242"]
[BlackElo "2164"]

1.e4 c5 2.Nf3 e6 3.d4 cxd4 4.Nxd4 Nc6 5.Nc3 Qc7 6.Be3 a6 7.Qd2 Nf6 8.f3 b5
9.O-O-O Bb7 10.g4 h6 11.h4 b4 12.Nce2 Ne5 13.Bf4 d5 14.Bg2 dxe4 15.g5 hxg5
16.hxg5 Rxh1 17.Bxh1 Nd5 18.Bxe5 Qxe5 19.fxe4 Nb6 20.g6 O-O-O 21.gxf7 Qc7
22.e5 Nc4 23.Bxb7+ Kxb7 24.Qd3 Nxe5 25.Qe4+ Kb6 26.Nf4 Nxf7 27.Nfxe6 Re8
28.Qg6  1-0